00526nmm a2200157Ia 4500008004100000020001800041041000800059100003200067245006500099264006600164300001800230650000800248700003200256700002900288856005100317251105s9999||||xx |||||||||||||||||und|| a9788490647561 aspa aVilajoana Alejandre, Sandra 0a¿Cómo aplicar los límites jurídicos de la publicidad? a[Madrid, España] :bUniversitat Oberta de Catalunya, c2015 a140 páginas aLaw aVilajoana Alejandre, Sandra1 a Cuerva de Cañas, Juan uhttps://public.digitaliapublishing.com/a/38000